Introduction to law. (Record no. 2118)
[ view plain ]
| 000 -LEADER | |
|---|---|
| fixed length control field | 00597cam a22002172 4500 |
| 001 - CONTROL NUMBER | |
| control field | 0000003432 |
| 005 - DATE AND TIME OF LATEST TRANSACTION | |
| control field | 20151217145734.0 |
| 008 - FIXED-LENGTH DATA ELEMENTS--GENERAL INFORMATION | |
| fixed length control field | 070507s xx 000 0 eng d |
| 020 ## - INTERNATIONAL STANDARD BOOK NUMBER | |
| International Standard Book Number | 0314129383 : |
| Terms of availability | KES 700 |
| 040 ## - CATALOGING SOURCE | |
| Original cataloging agency | KABU |
| Transcribing agency | KABU |
| 050 #0 - LIBRARY OF CONGRESS CALL NUMBER | |
| Classification number | KF385 |
| Item number | .W35 1998 |
| 100 1# - MAIN ENTRY--PERSONAL NAME | |
| Personal name | Walston-Dunham, Beth. |
| -- | 0000153358 |
| 245 10 - TITLE STATEMENT | |
| Title | Introduction to law. |
| 250 ## - EDITION STATEMENT | |
| Edition statement | 3rd ed. |
| 260 ## - PUBLICATION, DISTRIBUTION, ETC. (IMPRINT) | |
| Place of publication, distribution, etc. | London : |
| Name of publisher, distributor, etc. | Thomson learning, |
| Date of publication, distribution, etc. | 1998. |
| 300 ## - PHYSICAL DESCRIPTION | |
| Extent | xv, 608 p. |
| 650 #0 - SUBJECT ADDED ENTRY--TOPICAL TERM | |
| Topical term or geographic name as entry element | Law |
| Geographic subdivision | United States. |
| -- | 0000153359 |
| 908 ## - PUT COMMAND PARAMETER (RLIN) | |
| Put command parameter | 070507 |
| 950 ## - LOCAL HOLDINGS (RLIN) | |
| -- | 1 |
| Withdrawn status | Lost status | Source of classification or shelving scheme | Not for loan | Home library | Current library | Date acquired | Total Checkouts | Full call number | Barcode | Date last seen | Date last checked out | Price effective from | Koha item type |
|---|---|---|---|---|---|---|---|---|---|---|---|---|---|
| Library of Congress Classification | Kabarak, Main Campus | Kabarak, Main Campus | 17/12/2015 | 2 | KF385 .W35 1998 | 007555 | 02/10/2024 | 19/09/2024 | 17/12/2015 | General Collection |